000 01158nam a22003377a 4500
003 CHAP
005 20220329134407.0
008 971013s1994 r 00010 d
010 _a19880
011 _a20852
035 _a24941
040 _cCHAP
090 _aTesis
100 0 0 _aCerqueda Angeles, Carlos.
_921534
245 _aModelo óptimo de transporte para la comercilización nacional del nopal verdura (O. ficus indica)
260 _aChapingo, Méx. :
_bEl autor,
_c1994
300 _a69 h.
_e+ anexo
502 _aTesis (Ing. Agr. Esp. en Economía Agrícola) -- UACH. Departamento de Economía Agrícola
590 _aALEPH
_b10
_c20130110
_lUCH01
_h1243
590 _aBATCH-UPD
_b10
_c20130110
_lUCH01
_h0018
590 _aBATCH-UPD
_b10
_c20130110
_lUCH01
_h2006
590 _aCONVERSION
_b10
_c20130109
_lUCH01
_h1312
650 1 4 _aNopal
_xConsumo.
_981660
650 1 4 _aNopal
_xMercadeo.
_981683
650 1 4 _aNopal
_xTransporte.
_981701
901 _aBK
942 _cFOLL
949 _bBC
_cTES
_d-57536
_eTS1
_h26985
_i24941
_si
949 _bBC
_cTES
_d-57537
_eTS2
_fc.2
_h26986
_i24941
_si
949 _bBC
_cTES
_d-57538
_eTS2
_fc.3
_h26987
_i24941
_si
999 _c19880
_d19880